000 00543ntaaa2200193 4500
003 01
005 20251027201945.0
008 0714s1973 ag 01
040 _aAR-BaBN
_bspa
_cAR-BaBN
_eaacr
_dRIC
082 _a248.0000 L62
100 _aLilje, Hanns
_95814
245 _aValley of the shadow
250 _a1 ed. :
_bMuhlenberg Press,
_cn.f.
300 _a128 p.
500 _aexperiencias en un campo de concentración en la Segunda Guerra Mundial
650 _aVida Cristiana
650 _aCampos de Concentración
_916131
942 _cBK
999 _c14318
_d14318